| 000 | 00593 a2200157 4500 | ||
|---|---|---|---|
| 020 | _a9879968530156 | ||
| 082 |
_a725.804.2 _bF363p |
||
| 100 |
_aFernandez, Andres _91280 |
||
| 110 |
_aMuseos del Banco Central de Costa Rica _91281 |
||
| 245 |
_aPunto y Contrapunto _bLa Plaza de la Cultura Point and Counterpoint |
||
| 260 |
_aSan Jose, Costa Rica _bFundacion Museos Banco Central _c2013 |
||
| 300 |
_a158 p _bil (col) _c21 cm |
||
| 650 |
_aarquitectura _xPlaza de la Cultura _xComplejo arquitectonico _91282 |
||
| 700 |
_aAndres Fernandez _91283 |
||
| 710 |
_aMuseos del Banco Central de Costa Rica _91284 |
||
| 999 |
_c279 _d279 |
||